Trendy v aplikovaní štatistických metód pri zlepšovaní kvality III. (2012) zborník príspevkov z III. medzinárodnej vedeckej konferencie konanej pri príležitosti 60. výročia univerzitného vzdelávania na Podnikovohospodárskej fakulte Ekonomickej univerzity v Bratislave so sídlom v Košiciach : 6. 7. 2012 Malá Ida, Slovenská republika

Salvato in:
Dettagli Bibliografici
Enti autori: Trendy v aplikovaní štatistických metód pri zlepšovaní kvality. Medzinárodná vedecká konferencia, Podnikovohospodárska fakulta EU so sídlom v Košiciach. Katedra hospodárskej informatiky a matematiky
Altri autori: Andrejkovič, Marek
Natura: Libro
Lingua:slovacco
inglese
Pubblicazione: Bratislava Vydavateľstvo EKONÓM 2012
Soggetti:
Tags: Aggiungi Tag
Nessun Tag, puoi essere il primo ad aggiungerne!!

MARC

LEADER 00000nlm a2200000 4500
001 0165360
005 20251009101752.0
020 |a 978-80-225-3441-3 
041 0 |a slo 
041 0 |a eng 
044 |a SK 
245 1 0 |a Trendy v aplikovaní štatistických metód pri zlepšovaní kvality III. (2012)  |b zborník príspevkov z III. medzinárodnej vedeckej konferencie konanej pri príležitosti 60. výročia univerzitného vzdelávania na Podnikovohospodárskej fakulte Ekonomickej univerzity v Bratislave so sídlom v Košiciach : 6. 7. 2012 Malá Ida, Slovenská republika  |c edičný výbor: Marek Andrejkovič 
264 1 |a Bratislava  |b Vydavateľstvo EKONÓM  |c 2012 
300 |a CD-ROM [91 s., 4,96 AH] 
610 2 0 |a metódy matematicko-štatistické 
610 2 0 |a metódy štatistické 
610 2 0 |a kvalita 
610 2 0 |a manažment finančný 
700 1 |a Andrejkovič, Marek 
110 2 |a Trendy v aplikovaní štatistických metód pri zlepšovaní kvality. Medzinárodná vedecká konferencia 
710 2 |a Podnikovohospodárska fakulta EU so sídlom v Košiciach. Katedra hospodárskej informatiky a matematiky